Deutsche Songs nach ersten Zeilen - 1990er - Statistiken

Allgemein
  • Dieses Quiz wurde 464 mal gespielt
  • Das Durchschnittsergebnis liegt bei 6 aus 20
Antwortstatistiken
Textquiz Song % Korrekt
Du bist wirklich saudumm / Darum geht's dir gut / Hass ist deine Attitüde / Ständig kocht dein Blut Schrei nach Liebe
76%
Ich schreibe einen Hit / Die ganze Nation kennt ihn schon / Alle singen mit / Ganz laut im Chor, das geht ins Ohr Alles nur geklaut
75%
Ich ziehe durch die Straßen bis nach Mitternacht / Hab das früher auch gern gemacht / Dich brauch' ich dafür nicht Verdammt ich lieb' dich
69%
Hallo Thomas / Hallo, alles klar? / Es ist schon wieder Freitag / Es ist wieder diese Bar Die da!?!
68%
Es ist 1996 / Meine Freundin ist weg und bräunt sich / In der Südsee (allein?) / Ja, mein Budget war klein (na fein) / Herein, willkommen im Verein Jein
47%
Du ziehst nervös an deiner Zigarette / Du hast das Rauchen wieder angefangen / Du fragst mich nach meinem Befinden / Wie du siehst, ist es mir gut ergangen Du trägst keine Liebe in dir
35%
Ohrenschmalz, Kragenspeck / Mundgeruch und Nageldreck / Achselschweiß im Überfluss / Fettfrisur und Käsefuß Mief! (Nimm mich jetzt, auch wenn ich stinke!)
35%
Der triste Himmel macht mich krank / Ein schweres graues Tuch / Das die Sinne fast erstickt / Die Gewohnheit zu Besuch Abenteuerland
29%
Auf die Schnelle, auf die Schnelle / Machste hier 'ne Riesenwelle / Eingebildet, arrogant / Findst dich auch noch interessant Ich find’ dich scheiße
29%
Immer wenn es regnet, muss ich an dich denken / Wie wir uns begegnen, kann mich nicht ablenken / Nass bis auf die Haut, so stand sie da A-N-N-A
28%
Hab die ganze Welt gesehen / Von Singapur bis Aberdeen / Wenn du mich fragst wo's am schönsten war / Sag ich Sansibar Aloha Heja He
26%
Was'n das für 'n wundervoller Hintern / Der da neben an 'nem Tresen steht / Und der Typ der da am Hintern noch mit dran ist / Hat sich grade zu mir umgedreht Mädchen
23%
Es war zu jener Zeit / wir hatten wir mal Streit / Da standst du an der Tür / wolltest zurück zu mir Flugzeuge im Bauch
20%
Es könnt mich nicht weniger interessieren / Ob du tot bist oder lebst / Ob du gesund bist oder krank Du liebst mich nicht
15%
Wenn sie vorbeigeht / Dann scheint es wie ein Feuerwerk / Vor einem Himmel ist es sie die ich bemerk' / Ihrer Königlichkeit ist nur ein König wert Sie sieht mich nicht
11%
Ich hab Dich wirklich lieb / Wenn es so etwas gibt / Ich hab Dich wirklich lieb / In meinen Träumen Wieder hier
10%
Langeweile besäuft sich meilenweit / Ich zähl die Ringe an meiner Hand / Dort draußen alles dreht sich still um nichts herum Ohne dich
9%
Ein letztes Glas'l mit alten Freunden / Die geh'n allein nach Haus / In den Straßen / In den Gassen / Geh'n langsam die Lichter aus Herzilein
8%
Elegant so wie ein Diamant / mit der Kelle in der Hand / Steht sie jeden Tag am Strand / braungebrannt von der Hitze Sexy Eis
7%
Wenn ich in mir keine Ruhe fühl′, / Bitterkeit mein dunkles Herz umspült. / Ich nur warte auf den nächsten Tag, / Der mir erwacht. Die Flut
6%
Keine übereinstimmenden Quizze gefunden
Verteilung der Resultate
Anzahl Personen mit jedem Resultat
Perzentil nach korrekt beantworteten Fragen
Ihre Resultats-Entwicklung
Sie haben dieses Quiz noch nicht gespielt